Moderní dělírna a přípravna materiálů ve strojírenském závodě /

Na minha lista:
Detalhes bibliográficos
Autor principal: Payer, Miroslav (Author)
Formato: Livro
Idioma:tcheco
Publicado em: Praha : VUSTE, 1973
Tags: Adicionar Tag
Sem tags, seja o primeiro a adicionar uma tag!

MARC

LEADER 00000nam a22000003a 4500
001 stu40352
005 20150617225723.3
008 930429s1973----cs------------------cze-d
040 |a STU  |b slo 
041 0 |a cze 
044 |a cs 
100 1 |a Payer, Miroslav  |4 aut 
245 1 |a Moderní dělírna a přípravna materiálů ve strojírenském závodě /  |c [aut.]Miroslav Payer 
260 |a Praha :  |b VUSTE,  |c 1973 
300 |a 137 s 
996 |b 284M011898  |c M*5919-1  |l MMKN  |s A  |a 24  |w stu40352_0001